000 00378nam a22001337a 4500
008 241021b |||||||| |||| 00| 0 eng d
020 _a9780141441986
082 _a823.912
_bWEL
100 _aWells, H.G
245 _aThe Country of the Blind and other selected stories
_cH.G.Wells
260 _aLondon
_bPenguin Classics
_c2007
300 _a432p.
_c19.5cm.
942 _cENGLISH
999 _c565479
_d565479